[Event "Varna U2200 op"]
[Site "Varna"]
[Date "2019.07.08"]
[Round "6"]
[White "Aleksandrov, Georgi Valentinov"]
[Black "Stoyanov, Daniel"]
[Result "1-0"]
[WhiteElo "1929"]
[BlackElo "1732"]
[PlyCount "134"]
[EventDate "2019.07.02"]
[EventType "swiss"]
[EventRounds "7"]
[EventCountry "BUL"]
[SourceTitle "EXT 2020"]
[Source "ChessBase"]
[SourceDate "2019.10.17"]
[SourceVersion "1"]
[SourceVersionDate "2019.10.17"]
[SourceQuality "1"]

1. d4 d5 2. c4 c6 3. Nc3 Nf6 4. cxd5 cxd5 5. Nf3 e6 6. Bg5 Be7 7. e3 0-0 8. Bd3 Nc6 9. a3 h6 10. Bh4 Bd7 11. 0-0 Rc8 12. Rc1 a6 13. Na4 Ne4 14. Bxe7 Nxe7 15. Nc3 Nd6 16. Ne5 Nc4 17. Bxc4 dxc4 18. Ne4 Bb5 19. Nc3 f6 20. Nf3 Bc6 21. Qe2 b5 22. Rfd1 Qb6 23. Nd2 Qb7 24. f3 f5 25. b3 cxb3 26. Nxb3 Bd5 27. Nc5 Qc6 28. Nxd5 exd5 29. Rc2 Qa8 30. Rdc1 Rf6 31. Qd3 Nc6 32. Nd7 Rd6 33. Nb6 Qb7 34. Nxc8 Qxc8 35. Qc3 Qe8 36. Kf2 Kh7 37. Qd3 g6 38. Rc5 Na5 39. Rc7+ Rd7 40. Rxd7+ Qxd7 41. e4 Nc4 42. exf5 Qxf5 43. Qxf5 gxf5 44. Ke2 Kg6 45. Kd3 Kf6 46. Rc3 f4 47. g3 Kg5 48. Ke2 h5 49. h4+ Kf5 50. Kf2 fxg3+ 51. Kxg3 Kg6 52. Kf4 Kf6 53. Rb3 Nb6 54. Rb4 Na4 55. Rb1 Nc3 56. Re1 a5 57. Ke3 b4 58. axb4 axb4 59. Kd3 Kf5 60. Re5+ Kf4 61. Rxh5 Kxf3 62. Re5 Kg4 63. h5 Ne4 64. Rxd5 Nf6 65. Rb5 Nxh5 66. Rxb4 Nf6 67. d5+ Kf5 1-0